Дело о назначении содержания двум штаб-офицерам и трём обер-офицерам дополнительно назначенным для присмотра за политическими пр...

Доступно только в Электронных читальных залах Найти на картеНа карте
RUSMARC
00003846nmc2a22000003x 450
0011bb5f689-4f4d-4a87-94fd-3bc51f3103de
00520210315172756.0
100##$a20181211l18671867k l0rusy0189 ca
1010#$arus
102##$aRU
2001#$aДело о назначении содержания двум штаб-офицерам и трём обер-офицерам дополнительно назначенным для присмотра за политическими преступниками в Восточной Сибири, на счет сумм, ассигнуемых на содержание политических преступников в Восточной Сибири
$j14 марта - 31 мая 1867 г.
251##$cДело
300##$aДело
801#0$aRU
$bРГИА
$c20181211
$gRCR
801#1$aRU
$bГлавНИВЦ
$c20181211
$2rusmarc
801#2$aRU
$bПБ им. Б.Н. Ельцина
$c20210315
$gRCR
$2rusmarc
850##$aРГИА
852##$aРГИА
$eФедеральное казенное учреждение "Российский государственный исторический архив" (РГИА)
$j1077
937##$hРГИА
$d12296228
$aASBIBLIO_SCAN
462#0$100191353b96-cc3d-4f24-9eeb-3bfef1665a95
$12001
$aДела Департамента полиции исполнительной МВД за 1867 год
$1251
$cОпись
$1852
$j28
$l1867 г.
461#0$10013e300ed0-cd39-49af-8489-5ba5b90fa401
$12001
$aДепартамент полиции исполнительной МВД
$1251
$cФонд
$1852
$j1286
215##$a8 л.
$d36,5х26 см
371##$aДокумент не является опубликованным и широко распространяемым
105##$ay###
1222#$ad
035##$a1bb5f689-4f4d-4a87-94fd-3bc51f3103de
856##$uhttp://readingroom.main.prlib.ru/item.aspx?id_node=n158704502&mode=full
Формат отображения